Pays par symboles ou images - Statistiques

Statistiques générales
  • Ce quiz a été pris 70 fois
  • Le résultat moyen est 24 sur 43
Statistiques - réponses
Par images Réponse % Correct
Allemagne
94%
Espagne
94%
France
94%
Italie
91%
Suède
88%
Roumanie
85%
Irlande
83%
Pays-Bas
82%
Macédoine du nord
79%
Finlande
77%
Grèce
77%
Monaco
76%
Portugal
76%
Lituanie
73%
Royaume-uni
70%
Suisse
68%
Russie
62%
Danemark
61%
Islande
61%
Belgique
59%
Norvège
59%
Luxembourg
56%
Autriche
50%
Tchéquie
47%
Hongrie
42%
Estonie
39%
Malte
39%
Pologne
39%
Albanie
38%
Bulgarie
38%
Liechtenstein
36%
Monténégro
36%
Andorre
35%
Croatie
35%
Kosovo
35%
Slovénie
35%
Bosnie-Herzégovine
32%
Lettonie
30%
Serbie
30%
Moldavie
29%
Saint-Marin
29%
Slovaquie
29%
Biélorussie
23%
Aucun quiz correspondant
Distribution des résultats
% des personnes avec chaque résultat
Percentile par nombre de réponses
Votre historique - résultats
Vous n’avez pas pris ce quiz